00566nam a2200181Ia 4500003000900000008004100009020001800050040001600068080001600084100001700100245014400117260004500261300001300306650001200319650001900331650002300350650001100373IN-BaIIA211028s9999 xx 000 0 eng d a0-19-563298-2 cIIA Library a335.76bNAN anandy, ashis 4aThe illegitimacy of nationalism - Rabindranath Tagore and the politics of selfcashis nandy  aNew DelhibOxford University Pressc1994 axii,94 p aFiction aNASA Thesaurus aNational socialism aTagore